000 00327 a2200157 4500
001 182611
020 _a
040 _cMagnum
100 _aFitzgerad, F. Scott
240 1 0 _aO grande Gatsby
_lpor
245 1 0 _aO grande Gatsby
300 _a158
362 0 _a2003
697 _aLITERATURA GERAL ESTRANGEIRA
942 _cBK
999 _c182611
_d182611